| 000 | 00584nam a2200241 a 4500 | ||
|---|---|---|---|
| 001 | nice12345678 | ||
| 003 | IN_TiNIC | ||
| 005 | 20260116013320.0 | ||
| 008 | 050524s1987 dela grp 000 0 eng | ||
| 020 |
_a8185054 _c100 |
||
| 082 | 0 | 0 |
_a922.945 _bYAD |
| 100 | _aYadav, K C | ||
| 245 | _aAutobiography of Dayanand Saraswati | ||
| 260 |
_aDelhi _bManohar Pub. _c1987 |
||
| 300 | _a136p | ||
| 500 | _aincludes index and biblioraphy | ||
| 505 | 2 | _aIndex | |
| 650 | _aDayanand Saraswati | ||
| 700 | 1 | _aYadav, K C | |
| 902 | _bSRS | ||
| 942 | _cBK | ||
| 999 |
_c10519 _d10519 |
||